000 005890000a22001210004500
100 1 _aAdam, Júlio Cézar
245 1 0 _aArte, símbolos e cores nas alfaias, objetos e paramentos litúrgicos.
300 _ano.32 (dic., 2010), p. 3-15
520 _aUna función de los ornamentos litúrgicos y su arte, en pocas palabras, es ayudar en el encuentro con Dios, contribuir para el culto. Siendo el arte litúrgico un ornamento santo más que mera decoración. El arte litúrgico es parte constitutiva de la celebración del culto.
650 1 4 _aARTE - LITURGIA
773 0 _tTEAR
942 _cANA
999 _c63432
_d63432